• 首页
  • 本馆介绍
  • 公告通知
  • 最新文献
  • 馆藏检索
  • 电子资源
  • 读者导购
  • 参考咨询
  • 我的图书馆
  • 登录
  • 详细信息显示
  • 放入我的书架
  • 预约/预借图书
  • 作者相关作品
  • 分类相关作品
  • 丛书相关作品
  • 出版社相关作品

书目信息

  • 表格格式
  • 工作单格式
  • 卡片格式
题名:
新编实用化学配方手册
    
 
作者: 史江恒 , 白彦岭 主编
分册: 上册  
出版信息: 北京   中国建材工业  2004
页数:
开本:
丛书名:
单 册:
中图分类: TQ072-62
科图分类:
主题词: 化工产品 , 化工产品:副产品
电子资源:
ISBN: 7-5025-3293-5
000 00620nam0 2200193 450
001 0754114953
005 20070929150154.95
010    @a7-5025-3293-5
100    @a20070929d km y0chiy0120 ea
101 0  @achi
200 1  @a新编实用化学配方手册@Axin bian shi yong hua xue pei fang shou ce@h上册@f史江恒,白彦岭 主编@Fshi jiang heng,bai yan ling zhu bian
210    @a北京@c中国建材工业@d2004
606 0  @a化工产品
606 0  @a化工产品:副产品
690    @aTQ072-62@v3
701  0 @a史江恒@Ashi jiang heng@4主编
701  0 @a白彦岭@Abai yan ling@4主编
801  0 @aCN@bPFT@c20070929
905    @a213230@dTQ072-62@eh123:1@f1
    
    新编实用化学配方手册.上册/史江恒,白彦岭 主编.-北京:中国建材工业,2004
    
    
    
    ISBN 7-5025-3293-5:
    
●
相关链接 在E读中查询图书 在五车中查询图书 在当当中查询图书 在豆瓣中查询图书


正题名:新编实用化学配方手册     索取号:TQ072-62/h123:1         预约/预借

序号 登录号 条形码 馆藏地/架位号 状态 备注
1 6001867   260018670   化学系资料室/ [索取号:TQ072-62/h123:1] 在馆    
欢迎您!
大连网信软件有限公司© 版权所有